Software Engineering :A Practitioneris Approach (Record no. 202)

MARC details
000 -LEADER
fixed length control field 00483nam a22001817a 4500
005 - DATE AND TIME OF LATEST TRANSACTION
control field 20180205165057.0
008 - FIXED-LENGTH DATA ELEMENTS--GENERAL INFORMATION
fixed length control field 160428b xxu||||| |||| 00| 0 eng d
020 ## - INTERNATIONAL STANDARD BOOK NUMBER
ISBN 007-124083-7
041 ## - LANGUAGE CODE
Language code of text/sound track or separate title eng
082 ## - DEWEY DECIMAL CLASSIFICATION NUMBER
Item number 00693
Classification number 005.1
100 ## - MAIN ENTRY--AUTHOR NAME
Personal name Pressman, Roger S.
245 ## - TITLE STATEMENT
Title Software Engineering :A Practitioneris Approach
250 ## - EDITION STATEMENT
Edition statement 6th ed.
260 ## - PUBLICATION, DISTRIBUTION, ETC. (IMPRINT)
Place of publication New York
Name of publisher MC Graw Hill International,
Year of publication 2005
300 ## - PHYSICAL DESCRIPTION
Number of Pages 912
650 ## - SUBJECT ADDED ENTRY--TOPICAL TERM
Topical Term Information Technology
942 ## - ADDED ENTRY ELEMENTS (KOHA)
Koha item type Books
Holdings
Lost status Damaged status Collection code Home library Current library Shelving location Date acquired Full call number Accession Number Koha item type
    CS/IT JRU Library JRU Library SHELF-53-H 28/04/2016 005.1 00693 Books
    CS/IT JRU Library JRU Library SHELF-53-H 28/04/2016 005.1 00694 Books